| 000 | 00414nam a2200157 i 4500 | ||
|---|---|---|---|
| 001 | 101311 | ||
| 003 | ES-MaACL | ||
| 005 | 20230906182853.0 | ||
| 007 | t| | ||
| 008 | 051017s1977 sp ||||1| spa d | ||
| 100 | 1 |
_aMaysounave, Manuel. _979445 |
|
| 245 | 1 | 0 |
_aPartido proverista / _cManuel Maysounave. |
| 260 |
_aBilbao : _bAlbia, _c1977. |
||
| 300 |
_a126 p. ; _c18 cm. |
||
| 852 |
_aES-MaACL _jA-6833 _bR.95900 |
||
| 999 |
_c101311 _d101311 |
||